Girls & Boys - Blur - All Lyrics - Statistics

General Stats
  • This quiz has been taken 237 times
  • The average score is 255 of 287
Answer Stats
Answer % Correct
a
100%
like
100%
boys
98%
Girls
98%
girls
98%
girls,
98%
Oh,
98%
oh,
98%
oh
98%
oh-oh,
98%
oh-oh
98%
the
98%
be
97%
so
97%
do
96%
who
96%
Who
96%
Love
95%
love
95%
you
95%
You
95%
really
92%
someone
92%
to
92%
Always
91%
should
90%
on
86%
On
86%
police
85%
they're
85%
call
83%
in
83%
are
82%
jungle,
81%
'90s
80%
down
80%
Street's
80%
for
79%
Looking
79%
Greece
77%
holiday
76%
is
76%
paranoid
76%
beaches
73%
sunny
73%
your
70%
Following
69%
herd
66%
take
64%
chances
58%
all
54%
But
54%
we
54%
blisters
53%
get
53%
one,
53%
two,
52%
Avoiding
51%
'cause
51%
four,
51%
three,
51%
nasty
50%
Nothing
50%
available,
49%
only
49%
there's
49%
five
47%
haven't
47%
introduced
47%
thinkers
47%
wasted,
47%
been
45%
none
44%
work
44%
battery
43%
fingers
43%
reproduced
43%
Count
38%
thoughts
36%
No matching quizzes found
Score Distribution
Percent of People with Each Score
Percentile by Number Answered
Your Score History
You have not taken this quiz